[Event "Clash of Blames WCE 2024"]
[Site "London"]
[Date "2024.08.20"]
[Round "16"]
[White "Martinez Alcantara, Jose Eduardo"]
[Black "Kramnik, Vladimir"]
[Result "0-1"]
[WhiteElo "2612"]
[BlackElo "2753"]
[Annotator "TA"]
[PlyCount "60"]
[EventDate "2024.08.25"]
[EventType "match"]
[EventRounds "36"]
[EventCountry "ENG"]
[SourceTitle "playchess.com"]
[Source "ChessBase"]
[SourceQuality "1"]

{[%evp 15,60,0,0,0,4,-12,0,-11,-4,-9,0,-12,-15,-21,0,-32,-36,-26,-28,-41,-30,-76,-78,-90,-73,-200,-164,-325,-322,-329,-313,-384,-380,-698,-647,-718,-705,-741,-713,-844,-487,-485,-489,-504,-504,-497,-488]} 1. e4 c5 2. Nf3 d6 3. Bc4 Nf6 4. d3 Nc6 5. c3 e6 6. O-O Be7 7. Bb3 O-O 8. Re1 b5 9. d4 Bb7 10. Nbd2 Rc8 11. Nf1 {The position is equal.} cxd4 12. cxd4 Qc7 13. Ng3 Na5 14. Bd2 Nc4 15. Qe2 d5 16. e5 Ne4 17. Bc1 a5 18. Nxe4 (18. a3 $11 {deserves consideration.}) 18... dxe4 $17 19. Ng5 a4 20. Bd1 {Loses the game.} (20. Bxc4 $17 Qxc4 21. Qg4) 20... Qb6 21. Qh5 $2 {[#]} (21. Bc2) 21... h6 $19 (21... Qxd4 22. Qxh7#) 22. Nxe4 {[%cal Oe4f6]} Qxd4 23. Qg4 Qxe5 (23... Nxe5 $2 {perishes.} 24. Nf6+ Bxf6 25. Qxd4 $18) 24. Bf4 $2 (24. Qg3) 24... Qxb2 {Black is clearly winning.} 25. Bf3 Bxe4 26. Bxe4 f5 27. Qg6 Qf6 28. Qxf6 Bxf6 ({Stronger than} 28... gxf6 29. Bb7 Rcd8 (29... Kf7 30. Bxh6 Rg8 31. Bxc8 $11) 30. Bxh6 $11) 29. Bb7 Bxa1 30. Bxc8 Rxc8 {Weighted Error Value: White=0.63/Black=0.27 (precise) .  Mistake:       	White=4     	---        Inaccurate:     	White=1     	---        OK:         	White=6     	Black=7      Best:        	---       	Black=2} 0-1

[Event "Clash of Blames WCE 2024"]
[Site "London"]
[Date "2024.08.20"]
[Round "17"]
[White "Kramnik, Vladimir"]
[Black "Martinez Alcantara, Jose Eduardo"]
[Result "0-1"]
[WhiteElo "2753"]
[BlackElo "2612"]
[Annotator "TA"]
[PlyCount "106"]
[EventDate "2024.08.25"]
[EventType "match"]
[EventRounds "36"]
[EventCountry "ENG"]
[SourceTitle "playchess.com"]
[Source "ChessBase"]
[SourceQuality "1"]

{[%evp 23,106,22,24,38,32,25,28,20,37,35,35,20,25,19,45,33,62,31,102,87,95,77,105,108,107,101,99,96,141,144,146,127,125,125,122,125,116,114,118,116,110,88,198,188,187,175,189,162,201,219,225,213,270,127,137,122,135,129,142,102,115,109,124,127,120,77,150,127,139,130,134,126,166,166,281,281,279,275,265,277,409,409,399,-29998,-29999]} 1. e4 e5 2. Nf3 Nc6 3. Bc4 Bc5 4. c3 Nf6 5. d3 d6 6. O-O Bb6 7. a4 h6 {7...a5 is setting a new trend. C54: Giuoco Piano: 4 c3 Nf6, main lines with 5 d4 and 5 d3.} 8. Re1 O-O 9. Nbd2 a6 10. b4 Ne7 11. a5 Ba7 12. Nf1 Ng6 13. Be3 Bxe3 14. Nxe3 Be6 15. Bb3 Qd7 16. Bc2 c6 17. d4 Qc7 18. c4 $146 ({Predecessor:} 18. g3 Rfe8 19. d5 cxd5 20. exd5 Bh3 21. c4 e4 22. Nd2 Rad8 23. Ra3 Rc8 24. Qa1 {1-0 Oliynyk,V (2364)-Pazderski,L (2207) BI-2015-P-0000}) 18... Rad8 19. d5 Bc8 20. Qd2 c5 (20... Ng4 $14) 21. bxc5 Qxc5 22. Rab1 (22. Qc3 {seems wilder.} Ng4 23. Nd2 Nf4 24. Rab1) 22... Qc7 23. Qb4 Nd7 24. Nd2 Nf4 25. Nb3 (25. Nf5 {with more complications.} Nc5 26. Qb6 Qxb6 27. Ne7+) 25... g6 26. g3 Nh5 27. Rbc1 Nhf6 28. Bb1 Nc5 29. Nxc5 dxc5 30. Qd2 Ne8 31. Ng2 Kh7 32. f4 Qe7 (32... Bh3 $16 {keeps fighting.}) 33. fxe5 $18 Qxe5 34. Qc3 f6 35. Nf4 Nd6 36. Qxe5 fxe5 37. Nd3 Bh3 38. Nxc5 (38. Nxe5 $18 {is the precise move to win. Nd3 is the strong threat.} Rde8 39. Nd3 Rxe4 40. Rxe4 (40. Nxc5 Rxe1+ 41. Rxe1 Nxc4 $16) 40... Nxe4 41. Nf4) 38... Rc8 $16 {[#]} 39. Ne6 $1 Bxe6 40. dxe6 Rfe8 41. c5 Nb5 {[#]} 42. Rf1 $1 Nd4 43. Rf7+ Kh8 44. Kg2 (44. Rxb7 $2 {too greedy.} Ne2+ (44... Nxe6 $2 {loses.} 45. Rb6 $18) 45. Kf1 Nxc1 $19) 44... Rxe6 (44... Nxe6 $142 45. Rxb7 Rxc5 46. Rxc5 Nxc5) 45. Rxb7 $16 Rec6 46. Rb6 Rxc5 47. Rxc5 Rxc5 48. Rxa6 Rb5 (48... h5 {was necessary.} 49. h4 (49. Rxg6 Rxa5 50. Kh3 Kh7 $11) 49... Rb5) 49. Bd3 $18 Rb2+ 50. Kh3 Kg7 51. Rb6 Ra2 (51... Rd2 $142) 52. a6 $18 h5 53. Kh4 $4 {[%mdl 8192]} (53. Bc4 $18 Ra3 54. Bd5) 53... Nf3+ 0-1

[Event "Clash of Blames WCE 2024"]
[Site "London"]
[Date "2024.08.20"]
[Round "18"]
[White "Martinez, Jose"]
[Black "Kramnik, Vladimir"]
[Result "0-1"]
[WhiteElo "2691"]
[BlackElo "2676"]
[Annotator "ChessBase"]
[PlyCount "78"]
[EventDate "2024.08.25"]
[EventType "match"]
[EventRounds "36"]
[EventCountry "ENG"]
[SourceTitle "playchess.com"]
[Source "ChessBase"]
[SourceQuality "1"]

1. e4 c5 2. Nf3 d6 3. Bc4 Nf6 4. d3 Nc6 5. c3 e6 6. O-O Be7 7. Bb3 O-O 8. Re1 b5 9. Nbd2 a5 10. a4 b4 11. d4 bxc3 12. bxc3 cxd4 13. cxd4 Ba6 14. Ba3 d5 15. Bxe7 Nxe7 16. e5 Ne4 17. Nxe4 dxe4 18. Rxe4 Bb7 19. Rg4 Rc8 20. Rb1 Nf5 21. d5 Bxd5 22. Bxd5 Qxd5 23. Qxd5 exd5 24. Rf4 g6 25. g4 Ng7 26. Rd4 Rfd8 27. Rbd1 Ne6 28. R4d2 Rc4 29. h3 d4 30. Ra2 Rc3 31. Ne1 Nf4 32. f3 Nxh3+ 33. Kg2 Nf4+ 34. Kg3 g5 35. Rad2 Rc4 36. Nc2 Rxa4 37. Ne3 dxe3 38. Rxd8+ Kg7 39. e6 Ra2 0-1

[Event "Clash of Blames WCE 2024"]
[Site "London"]
[Date "2024.08.20"]
[Round "18"]
[White "Martinez Alcantara, Jose Eduardo"]
[Black "Kramnik, Vladimir"]
[Result "0-1"]
[WhiteElo "2612"]
[BlackElo "2753"]
[Annotator "TA"]
[PlyCount "78"]
[EventDate "2024.08.25"]
[EventType "match"]
[EventRounds "36"]
[EventCountry "ENG"]
[SourceTitle "playchess.com"]
[Source "ChessBase"]
[SourceQuality "1"]

{[%evp 15,78,4,7,-10,0,-8,0,-7,-18,-23,19,-37,0,0,5,-20,-23,-30,0,0,0,-16,0,0,14,-81,12,0,0,0,0,0,0,0,20,-36,-33,-71,-70,-128,-139,-120,-131,-173,-166,-174,-163,-206,-139,-235,-233,-218,-238,-254,-254,-247,-188,-343,-330,-5302,-5302,-4918,-4814,-29981,-29982]} 1. e4 c5 2. Nf3 d6 3. Bc4 Nf6 4. d3 Nc6 5. c3 e6 6. O-O Be7 7. Bb3 O-O 8. Re1 b5 9. Nbd2 a5 10. a4 b4 11. d4 {The position is equal.} bxc3 12. bxc3 cxd4 13. cxd4 (13. Nxd4 $11 Ne5 14. Qe2) 13... Ba6 14. Ba3 d5 15. Bxe7 Nxe7 16. e5 {[#]} Ne4 17. Nxe4 dxe4 18. Rxe4 Bb7 (18... Rb8 $5) 19. Rg4 Rc8 20. Rb1 {[#]} (20. Ng5 $11 {remains equal.} Bd5 21. Ne4) 20... Nf5 {[#]} (20... h5 $1 $17 {[%cal Rh5g4]} 21. Rg3 Be4) 21. d5 $1 Bxd5 22. Bxd5 Qxd5 23. Qxd5 exd5 24. Rf4 g6 25. g4 (25. g3 $11) 25... Ng7 $15 26. Rd4 {[#]} Rfd8 $1 27. Rbd1 ({Better is} 27. Rd2 $15) 27... Ne6 $17 28. R4d2 (28. Rxd5 $2 {too greedy.} Rxd5 29. Rxd5 Rc1+ 30. Kg2 Nf4+ 31. Kg3 Nxd5 $19) 28... Rc4 {[%csl LRa4,LRg4]} 29. h3 d4 ({Don't play} 29... Rxa4 30. g5 $17) 30. Ra2 Rc3 31. Ne1 Nf4 32. f3 (32. h4 $17) 32... Nxh3+ $19 33. Kg2 Nf4+ 34. Kg3 g5 35. Rad2 Rc4 36. Nc2 $2 (36. Nd3) 36... Rxa4 37. Ne3 $2 {[#]} (37. Kf2 Ra2 38. Nxd4 Rxd4 39. Rxa2 Rxd1 40. e6 fxe6 (40... Nxe6 41. Rxa5 Kf8 42. Ra8+ Rd8 43. Ra5 $19) 41. Rxa5) 37... dxe3 $1 38. Rxd8+ Kg7 {( -> ...Ra2)} 39. e6 Ra2 {Weighted Error Value: White=0.74/Black=0.15 (very precise) .  Mistake:       	White=7     	Black=1      Inaccurate:     	White=2     	Black=3      OK:         	White=7     	Black=10     Best:        	---       	Black=3      Strong:       	---       	Black=1} 0-1

[Event "Clash of Blames WCE 2024"]
[Site "London"]
[Date "2024.08.20"]
[Round "19"]
[White "Kramnik, Vladimir"]
[Black "Martinez Alcantara, Jose Eduardo"]
[Result "1/2-1/2"]
[WhiteElo "2753"]
[BlackElo "2612"]
[Annotator "TA"]
[PlyCount "112"]
[EventDate "2024.08.25"]
[EventType "match"]
[EventRounds "36"]
[EventCountry "ENG"]
[SourceTitle "playchess.com"]
[Source "ChessBase"]
[SourceQuality "1"]

{[%evp 33,112,72,122,125,135,123,168,164,150,158,182,182,194,179,177,161,161,126,191,201,197,191,179,97,96,35,37,0,0,-8,-15,-21,-16,-12,-10,-8,-10,-15,-16,-52,-20,-44,-42,-55,-14,-14,-14,-31,-33,-53,-14,-16,-18,-68,-15,-80,-1,-1,0,0,0,0,0,0,0,0,0,0,0,0,0,0,0,0,0,0,0,0,0,0,0]} 1. e4 e5 2. Nf3 Nc6 3. Bc4 Bc5 4. c3 Nf6 5. d3 d6 6. O-O Bb6 7. a4 h6 {7...a5 is a critical line. C54: Giuoco Piano: 4 c3 Nf6, main lines with 5 d4 and 5 d3.} 8. Re1 O-O 9. Nbd2 a6 10. b4 Ba7 11. h3 Ne7 12. d4 exd4 $146 ({Predecessor:} 12... Ng6 13. Bf1 exd4 14. cxd4 Re8 15. Qc2 Be6 16. Bb2 Kh8 17. d5 Bd7 18. Bd4 Bxd4 19. Nxd4 {1-0 Gilliland,B (2102)-Sazonov,N (2072) W-ch WS/CCE/B/01 email 2019}) 13. cxd4 d5 14. e5 Nh5 15. Bf1 Nf4 16. Nb3 Nfg6 17. b5 c6 (17... axb5 $142 18. Bxb5 (18. axb5 Be6 $16) 18... Bf5) 18. bxa6 $16 bxa6 19. a5 Nf5 20. Ba3 Re8 21. Bc5 Nfh4 22. Nxh4 Qxh4 23. g3 Qd8 24. Qd2 Nf8 25. Rec1 Bxc5 (25... Ne6 $16 {might work better.}) 26. Nxc5 $18 (26. Rxc5 Bd7 27. f4 g6) 26... f6 27. Nd3 Ne6 28. Nb4 (28. Rxc6 Nxd4 29. Qc3 Nxc6 30. Qxc6 Bf5 31. exf6 Re6 $17 (31... Qxf6 32. Qxf6 gxf6 33. Nb4 $17) (31... gxf6 32. Nf4 $11)) (28. Qe3 $18) 28... Ng5 $16 29. Bg2 (29. Nxc6 Nf3+ (29... Nxh3+ $2 30. Bxh3 Qc7 31. exf6 $18) 30. Kg2 Nxd2 $17) (29. Ra3 $16 fxe5 30. dxe5 (30. Nxc6 Qd6 $14) (30. Rxc6 e4 $11)) 29... Bxh3 $14 30. Nxc6 Bxg2 31. Nxd8 Nf3+ 32. Kxg2 Nxd2 33. Rd1 $1 ({Reject} 33. Nc6 Nb3 34. exf6 gxf6 $19) 33... Raxd8 34. Rxd2 fxe5 35. dxe5 Rxe5 36. Rd4 Re4 37. Rxe4 dxe4 38. Ra4 Rd5 39. Rxe4 Rxa5 40. Re8+ Kf7 41. Ra8 Ra3 42. Ra7+ Kf6 43. f4 g6 (43... a5 $15) 44. g4 {[#]} (44. Rc7 $11) 44... g5 (44... h5 $1 $17 {[%cal Rh5g4]} 45. gxh5 gxh5) 45. f5 $11 Ke5 46. Rc7 Ra2+ 47. Kf3 Ra3+ 48. Kg2 a5 49. Rc5+ Kd6 50. Rb5 a4 51. Rb6+ Ke5 52. f6 Ra2+ 53. Kg3 Ra3+ 54. Kg2 Ra2+ 55. Kg3 Ra1 56. Kg2 Ra2+ 1/2-1/2

[Event "Clash of Blames WCE 2024"]
[Site "London"]
[Date "2024.08.20"]
[Round "20"]
[White "Martinez Alcantara, Jose Eduardo"]
[Black "Kramnik, Vladimir"]
[Result "1/2-1/2"]
[WhiteElo "2612"]
[BlackElo "2753"]
[Annotator "TA"]
[PlyCount "71"]
[EventDate "2024.08.25"]
[EventType "match"]
[EventRounds "36"]
[EventCountry "ENG"]
[SourceTitle "playchess.com"]
[Source "ChessBase"]
[SourceQuality "1"]

{[%evp 11,71,-5,-12,-9,-16,-14,0,-26,-20,-23,-27,-33,-17,-22,-18,-25,0,0,0,0,0,0,0,0,25,9,8,0,19,11,14,18,18,17,7,0,0,0,5,4,2,0,0,0,0,0,0,0,0,-25,0,0,0,0,0,-25,0,0,0,-25,0,0]} 1. e4 c5 2. Nf3 d6 3. c3 Nf6 4. Be2 g6 5. O-O Bg7 6. d3 O-O 7. Be3 Nc6 8. Nbd2 {[%cal Bb1d2,Bd2c4,Bc4a3,Ba3c2][%mdl 32]} e5 9. h3 Ne8 10. Nc4 b5 11. Na3 a6 12. Nc2 f5 13. a4 Rb8 14. axb5 axb5 15. b4 f4 16. Bc1 Nc7 17. Rb1 Kh8 18. Ba3 Ne6 19. bxc5 dxc5 {[#]} 20. d4 $1 exd4 ({But not} 20... b4 $6 21. d5 bxa3 22. Rxb8 Nxb8 23. dxe6 $16) 21. Bxb5 Rxb5 22. Rxb5 {aiming for cxd4.} Ba6 23. Rxc5 (23. Qb1 {with more complications.} d3 24. Ncd4 Ncxd4 25. cxd4 Bxb5 26. Qxb5 Nxd4 27. Qxd3 Qa5 28. Rc1) 23... Nxc5 24. Bxc5 Bxf1 {This pair of bishops is nice.} 25. Bxf8 Qxf8 26. Kxf1 dxc3 27. Qd7 Ne5 28. Nxe5 Bxe5 $11 {[%mdl 4096] Endgame. KQB-KQN} 29. Qd5 Qb8 30. Ke2 (30. Qc6 $5) 30... Kg7 31. Kf3 Qc7 32. Ke2 h5 33. Kd3 Kf6 34. Ke2 Kg7 35. Kd3 Kf6 36. Ke2 {An interesting draw.   Weighted Error Value: White=0.04 (flawless) /Black=0.06 (flawless) .  Inaccurate:     	White=1     	---        OK:         	White=16    	Black=8      Best:        	---       	Black=1} 1/2-1/2

[Event "Clash of Blames WCE 2024"]
[Site "London"]
[Date "2024.08.20"]
[Round "21"]
[White "Kramnik, Vladimir"]
[Black "Martinez Alcantara, Jose Eduardo"]
[Result "1/2-1/2"]
[WhiteElo "2753"]
[BlackElo "2612"]
[Annotator "TA"]
[PlyCount "201"]
[EventDate "2024.08.25"]
[EventType "match"]
[EventRounds "36"]
[EventCountry "ENG"]
[SourceTitle "playchess.com"]
[Source "ChessBase"]
[SourceQuality "1"]

{[%evp 12,201,17,13,39,13,14,10,23,10,14,8,4,8,22,19,11,16,15,17,19,12,22,25,21,18,54,42,39,27,18,20,21,11,16,0,14,0,0,0,0,0,7,8,34,27,24,19,17,20,15,18,21,17,21,20,16,25,18,16,25,28,19,15,11,10,9,-41,-34,-54,-48,-58,-70,-55,0,-58,-65,-65,0,0,0,0,0,0,0,0,0,0,0,0,0,0,0,0,0,-11,0,0,0,0,0,0,0,0,0,0,0,0,0,0,0,0,0,0,0,0,0,0,0,0,0,0,0,-32,-32,-78,-78,-78,-78,-83,-83,-83,-78,-83,-83,-83,-8,-83,-83,-83,-56,-56,-56,-56,-56,-56,0,-71,-71,-71,-71,-71,-71,-71,-71,-71,-71,-71,0,-71,0,-71,0,0,0,0,0,-71,-71,-71,0,-71,-71,-71,-64,-71,-71,-79,0,0,0,-8,0,0,0,0,0,0,0,0,0,0]} 1. e4 e5 2. Nf3 Nc6 3. Bc4 Bc5 4. c3 Nf6 5. d3 d6 6. O-O Bb6 7. a4 a5 8. Re1 h6 9. Nbd2 O-O 10. Bb3 Be6 11. Nc4 Ba7 12. Be3 Bxc4 13. Bxc4 Bxe3 14. Rxe3 Ne7 15. d4 Ng6 16. Qb3 Rb8 17. Rd1 Qe7 18. g3 Kh7 19. Bf1 c6 20. Ree1 Qc7 21. h4 Rfe8 22. Qc2 Kg8 23. Bg2 b5 24. axb5 cxb5 25. Qd2 b4 26. Rc1 {Hoping for dxe5.} Qb6 27. c4 a4 28. c5 $1 dxc5 29. dxc5 Qc6 30. Qd6 Qxd6 31. cxd6 Rb6 32. Red1 {d7 is the strong threat.} Rd8 33. Rc4 a3 34. bxa3 bxa3 {[%cal Oa3a2]} 35. Ra4 Rbxd6 36. Rxd6 Rxd6 37. Rxa3 Rd1+ 38. Bf1 Nxe4 39. Kg2 (39. h5 $11 Nf8 40. Kg2) 39... Nf6 $15 40. Ra8+ Kh7 41. Ra7 e4 42. Ng1 Rd2 (42... Kg8 $15) 43. Be2 (43. Rxf7 $11 Ne5 44. Rb7) 43... Ne5 44. Re7 Nd3 (44... Nfd7 $15) 45. Rxf7 $11 Nc1 {Excellent horsemanship.} 46. Kf1 Kg8 47. Rc7 Nd3 {[%cal Of6g4]} 48. Kg2 Ne1+ 49. Kf1 Nd3 {[%cal Of6g4]} 50. Rc8+ Kf7 51. Rc7+ Kf8 {[%cal Of6g4]} 52. Rc8+ Kf7 53. h5 Ne5 54. Rc7+ Kf8 55. Nh3 Nd5 56. Rb7 Ra2 57. Nf4 Nxf4 58. gxf4 Nf3 59. Bxf3 exf3 {[%mdl 4096] Endgame. KR-KR} 60. Kg1 Ra4 61. Kh2 Rxf4 62. Rb5 Rg4 63. Rf5+ Ke7 64. Rxf3 Rg5 65. Rh3 Ke6 66. Rh4 Kf5 67. Kh3 {Wards off Rg4} Rg1 68. Kh2 {Wards off Rh1+} (68. Rb4 $15) 68... Rg4 $17 69. Rh3 Kg5 {( -> ...Rh4)} 70. Rb3 Kxh5 71. Rb6 Rg6 72. Rb5+ Rg5 73. Rb7 g6 (73... Kg6 $1 $17) 74. Rb4 (74. f4 $1 $11 Ra5 75. Rb6) 74... Rg4 75. Rb5+ g5 76. Rb6 Rf4 77. Kg2 Rf5 78. Kg3 g4 (78... Rc5 $15) 79. Rb8 (79. Rb3 $11) 79... Rf3+ 80. Kg2 Kh4 81. Rh8 h5 82. Rg8 Rb3 83. Rg7 Rb5 84. Rg8 Rg5 (84... Rb2 $17) 85. Rh8 (85. Rxg5 $1 $11 Kxg5 86. f3) 85... Rg6 ({Better is} 85... Rd5 $17) 86. Rb8 (86. f3 $1 $11) 86... Kg5 (86... Rf6 $17) 87. Rb5+ $11 Kh6 88. Kg3 Rf6 89. Rb8 (89. Kh4 $11) 89... Rf3+ $17 90. Kg2 {[#]} Rf5 (90... Kg5 $1 $17) 91. Rh8+ {[#]} (91. Kg3 $11 {remains equal.}) 91... Kg5 $1 92. Rg8+ Kf4 93. Rh8 Rd5 94. Rf8+ Ke4 ({Black should play} 94... Kg5 $17) 95. Rh8 {The position is equal.} Re5 96. Rh7 Kd3 97. f3 Re2+ 98. Kg3 Re3 99. Rxh5 gxf3 100. Kf2 Re2+ 101. Kxf3 {Weighted Error Value: White=0.06 (flawless) /Black=0.06 (flawless) .  Mistake:       	White=9     	Black=9      Inaccurate:     	White=2     	Black=3      OK:         	White=38    	Black=33     Best:        	White=6     	Black=7      Strong:       	White=1     	Black=1} 1/2-1/2

[Event "Clash of Blames WCE 2024"]
[Site "London"]
[Date "2024.08.20"]
[Round "21"]
[White "Kramnik, Vladimir"]
[Black "Martinez, Jose"]
[Result "1/2-1/2"]
[WhiteElo "2676"]
[BlackElo "2691"]
[Annotator "RC"]
[PlyCount "201"]
[EventDate "2024.08.25"]
[EventType "match"]
[EventRounds "36"]
[EventCountry "ENG"]
[SourceTitle "playchess.com"]
[Source "ChessBase"]
[SourceQuality "1"]

1. e4 e5 2. Nf3 Nc6 3. Bc4 Bc5 4. c3 Nf6 5. d3 d6 6. O-O Bb6 7. a4 a5 8. Re1 h6 9. Nbd2 O-O 10. Bb3 Be6 11. Nc4 Ba7 12. Be3 Bxc4 13. Bxc4 Bxe3 14. Rxe3 Ne7 15. d4 Ng6 16. Qb3 Rb8 17. Rd1 Qe7 18. g3 Kh7 19. Bf1 c6 20. Ree1 Qc7 21. h4 Rfe8 22. Qc2 Kg8 23. Bg2 b5 24. axb5 cxb5 25. Qd2 b4 26. Rc1 Qb6 27. c4 a4 28. c5 dxc5 29. dxc5 Qc6 30. Qd6 Qxd6 31. cxd6 Rb6 32. Red1 Rd8 33. Rc4 a3 34. bxa3 bxa3 35. Ra4 Rbxd6 36. Rxd6 Rxd6 37. Rxa3 Rd1+ 38. Bf1 Nxe4 39. Kg2 Nf6 40. Ra8+ Kh7 41. Ra7 e4 42. Ng1 Rd2 43. Be2 Ne5 44. Re7 Nd3 45. Rxf7 Nc1 46. Kf1 Kg8 47. Rc7 Nd3 48. Kg2 Ne1+ 49. Kf1 Nd3 50. Rc8+ Kf7 51. Rc7+ Kf8 52. Rc8+ Kf7 53. h5 Ne5 54. Rc7+ Kf8 55. Nh3 Nd5 56. Rb7 Ra2 57. Nf4 Nxf4 58. gxf4 Nf3 59. Bxf3 exf3 60. Kg1 Ra4 61. Kh2 Rxf4 62. Rb5 Rg4 63. Rf5+ Ke7 64. Rxf3 Rg5 65. Rh3 Ke6 66. Rh4 Kf5 67. Kh3 Rg1 68. Kh2 Rg4 69. Rh3 Kg5 70. Rb3 Kxh5 71. Rb6 Rg6 72. Rb5+ Rg5 73. Rb7 g6 74. Rb4 Rg4 75. Rb5+ g5 76. Rb6 Rf4 77. Kg2 Rf5 78. Kg3 g4 79. Rb8 Rf3+ 80. Kg2 Kh4 81. Rh8 h5 82. Rg8 Rb3 83. Rg7 Rb5 84. Rg8 Rg5 85. Rh8 Rg6 86. Rb8 Kg5 87. Rb5+ Kh6 88. Kg3 Rf6 89. Rb8 Rf3+ 90. Kg2 Rf5 91. Rh8+ Kg5 92. Rg8+ Kf4 93. Rh8 Rd5 94. Rf8+ Ke4 95. Rh8 Re5 96. Rh7 Kd3 97. f3 Re2+ 98. Kg3 Re3 99. Rxh5 gxf3 100. Kf2 Re2+ 101. Kxf3 1/2-1/2

[Event "Clash of Blames WCE 2024"]
[Site "London"]
[Date "2024.08.20"]
[Round "22"]
[White "Martinez Alcantara, Jose Eduardo"]
[Black "Kramnik, Vladimir"]
[Result "1/2-1/2"]
[WhiteElo "2612"]
[BlackElo "2753"]
[Annotator "ChessBase"]
[PlyCount "119"]
[EventDate "2024.08.25"]
[EventType "match"]
[EventRounds "36"]
[EventCountry "ENG"]
[SourceTitle "playchess.com"]
[Source "ChessBase"]
[SourceQuality "1"]

1. e4 c5 2. Nf3 d6 3. c3 Nf6 4. Be2 g6 5. O-O Bg7 6. d3 O-O 7. Be3 Nc6 8. Nbd2 e5 9. a3 h6 10. h3 Nh5 11. b4 b6 12. b5 Ne7 13. d4 exd4 14. cxd4 f5 15. dxc5 dxc5 16. Qb3+ Kh7 17. Rad1 Qc7 18. exf5 Nxf5 19. Nc4 Be6 20. Bd3 Nxe3 21. fxe3 Qg3 22. Qc2 Rad8 23. Ncd2 Nf6 24. Rf2 Kg8 25. Nf1 Qd6 26. Rfd2 Qc7 27. Bxg6 Rxd2 28. Rxd2 Qe7 29. e4 Rd8 30. Re2 c4 31. Bf5 Qc5+ 32. Kh1 Bxf5 33. exf5 Qxb5 34. Rd2 Rxd2 35. N1xd2 Kh7 36. Nxc4 Qc5 37. Qd3 b5 38. Nce5 a5 39. g4 b4 40. axb4 axb4 41. g5 Qc1+ 42. Kg2 hxg5 43. Ng4 Qb2+ 44. Kf1 Qc1+ 45. Kg2 Qb2+ 46. Nf2 Bh6 47. Qc4 Qc3 48. Qf7+ Bg7 49. Nxg5+ Kh8 50. Qg6 Qc6+ 51. Nge4 b3 52. Kh2 Qc7+ 53. Kg2 b2 54. Nxf6 Bxf6 55. Qe8+ Kh7 56. Qg6+ Kh8 57. Qe8+ Kh7 58. Qg6+ Kh8 59. Qe8+ Kh7 60. Qg6+ 1/2-1/2

[Event "Clash of Blames WCE 2024"]
[Site "London"]
[Date "2024.08.20"]
[Round "23"]
[White "Kramnik, Vladimir"]
[Black "Martinez Alcantara, Jose Eduardo"]
[Result "1/2-1/2"]
[WhiteElo "2753"]
[BlackElo "2612"]
[Annotator "ChessBase"]
[PlyCount "186"]
[EventDate "2024.08.25"]
[EventType "match"]
[EventRounds "36"]
[EventCountry "ENG"]
[SourceTitle "playchess.com"]
[Source "ChessBase"]
[SourceQuality "1"]

1. e4 e5 2. Nf3 Nc6 3. Bc4 Bc5 4. c3 Nf6 5. d3 d6 6. O-O h6 7. Re1 O-O 8. Nbd2 Bb6 9. a4 a6 10. Bb3 Ba7 11. Nf1 Be6 12. Be3 Bxe3 13. Nxe3 Re8 14. a5 Ne7 15. Bxe6 fxe6 16. Qb3 Qd7 17. d4 Nxe4 18. Nc4 Qc6 19. dxe5 d5 20. Ne3 Rf8 21. c4 Rxf3 22. gxf3 Ng5 23. cxd5 exd5 24. Kh1 Rf8 25. Rg1 Qe6 26. Rg3 c6 27. Qxb7 d4 28. Ng2 Nf5 29. Nf4 Nxg3+ 30. fxg3 Rxf4 31. gxf4 Nxf3 32. Rf1 Qh3 33. Rf2 Nh4 34. Qxc6 Qe3 35. Qc8+ Kh7 36. Qc2+ d3 37. Qd2 Qe4+ 38. Kg1 Nf3+ 39. Rxf3 Qxf3 40. e6 Qg4+ 41. Kf2 Qxe6 42. Qxd3+ Kh8 43. Qd8+ Kh7 44. Qd3+ Kh8 45. b4 Qf6 46. Kg3 Qe6 47. Qd8+ Kh7 48. Qd3+ Kh8 49. h4 Qe1+ 50. Kg4 Qe6+ 51. Kg3 Qe1+ 52. Kg2 Qe6 53. f5 Qc6+ 54. Kg3 Qc7+ 55. Kg4 Qe7 56. Qc4 Qd6 57. Kf3 Qd1+ 58. Ke4 Qh1+ 59. Ke5 Qh2+ 60. Ke6 Qb8 61. Qxa6 Qxb4 62. Qb6 Qe4+ 63. Kd6 Qf4+ 64. Kc6 Qxf5 65. Qd8+ Kh7 66. Qd5 Qc8+ 67. Kb5 Qb8+ 68. Kc4 Qc8+ 69. Qc5 Qa6+ 70. Kb4 Qb7+ 71. Qb5 Qe4+ 72. Qc4 Qb7+ 73. Kc3 Qe7 74. a6 Qa3+ 75. Kc2 Qa5 76. Qd3+ Kh8 77. h5 Qa2+ 78. Kd1 Qa5 79. Qe2 Qa1+ 80. Kd2 Qb2+ 81. Ke1 Qa1+ 82. Kf2 Qf6+ 83. Kg2 Qg5+ 84. Kh3 Qf5+ 85. Kh2 Qf4+ 86. Kg1 Qg3+ 87. Kf1 Qf4+ 88. Kg2 Qg5+ 89. Kf2 Qf4+ 90. Qf3 Qd2+ 91. Qe2 Qf4+ 92. Qf3 Qd2+ 93. Qe2 Qd4+ 1/2-1/2

[Event "Clash of Blames WCE 2024"]
[Site "London"]
[Date "2024.08.20"]
[Round "24"]
[White "Martinez, Jose"]
[Black "Kramnik, Vladimir"]
[Result "1-0"]
[WhiteElo "2691"]
[BlackElo "2676"]
[Annotator "RC"]
[PlyCount "149"]
[EventDate "2024.08.25"]
[EventType "match"]
[EventRounds "36"]
[EventCountry "ENG"]
[SourceTitle "playchess.com"]
[Source "ChessBase"]
[SourceQuality "1"]

1. e4 c5 2. Nf3 d6 3. c3 Nf6 4. Be2 g6 5. O-O Bg7 6. d3 O-O 7. Be3 Nc6 8. Nbd2 e5 9. h3 Ne8 10. Nc4 b5 11. Na3 Rb8 12. Nc2 b4 13. d4 bxc3 14. bxc3 exd4 15. cxd4 Nf6 16. Nd2 Re8 17. dxc5 d5 18. Bf4 Rb2 19. Rc1 Rxa2 20. Bd6 Nxe4 21. Nxe4 dxe4 22. Bb5 Bd7 23. Bxc6 Bxc6 24. Nb4 Ba4 25. Qg4 Rd2 26. Qf4 Rd4 27. Nc2 Bxc2 28. Rxc2 e3 29. Qf3 exf2+ 30. Rcxf2 f5 31. Re2 Rde4 32. Rxe4 fxe4 33. Qb3+ Kh8 34. Qe3 Qd7 35. Kh1 h6 36. Rd1 a5 37. Rd2 Qc6 38. Qg3 Kh7 39. Rf2 e3 40. Re2 Qe4 41. Bf4 a4 42. Rxe3 Qb1+ 43. Kh2 Rxe3 44. Qxe3 Qc2 45. Be5 Bxe5+ 46. Qxe5 a3 47. Qc7+ Kg8 48. Qb8+ Kf7 49. Qa7+ Ke6 50. Qxa3 Kd5 51. Qa8+ Kc4 52. Qa6+ Kb4 53. Qb6+ Kc4 54. Qd6 Kb5 55. Qb6+ Kc4 56. c6 Qf5 57. Qe3 Kb5 58. c7 Kc6 59. Qc3+ Kb7 60. Qc4 Kc8 61. Kg1 h5 62. Qc6 Qb1+ 63. Kh2 Qf5 64. Qd6 Kb7 65. h4 Qg4 66. Kg1 Qxh4 67. Qe5 Qc4 68. Qf6 Qxc7 69. Qxg6 Qb6+ 70. Qxb6+ Kxb6 71. Kh2 Kc5 72. Kh3 Kd4 73. Kh4 Ke5 74. Kxh5 Kf4 75. g4 1-0